| 000 | 00817cam a2200229 a 4500 | ||
|---|---|---|---|
| 001 | 000002840 | ||
| 005 | 20200929150252.0 | ||
| 008 | 791107s1985 ag b 001 f spa | ||
| 020 | _a9509097470 | ||
| 040 |
_aDO-SdBNP _cDLC _dDLC |
||
| 041 | 1 | 7 |
_aspa _beng _2Código de idioma MARC |
| 082 |
_a813.54 _bM524d |
||
| 100 | 1 |
_aMellard, James M. _98989 |
|
| 245 | 1 | 4 |
_aLa desintegración de la forma en la novela moderna / _cJames M. Mellard ; Traducción, Aníbal Leal. |
| 260 |
_aBuenos aires : _bFraterna, _c1985. |
||
| 300 |
_a295 p. ; _c20 cm. |
||
| 504 | _aIncluye referencias bibliográficas e índice. | ||
| 534 |
_aTítulo original : _tThe exploded form |
||
| 650 | 4 |
_aNovela estadounidense _ySIGLO XX _xHistoria y crítica _98990 |
|
| 650 | 4 |
_aLiteratura estadounidense _9263 |
|
| 700 | 1 |
_aLeal, Aníbal _etr. _94573 |
|
| 999 |
_c2674 _d2674 |
||